000 00372pab a2200145 454500
008 180718b1999 xxu||||| |||| 00| 0 eng d
100 _aVyas, V.S.
245 _aAgricultural trade policy and export strategy
260 _c1999
300 _ap.A27-33
362 _a27 Mar
650 _aAgricultural economics
773 _a]conomic and Political Weekly
909 _a40564
999 _c40564
_d40564